Modelovanie vplyvu anizotropie na elektrickú aktivitu srdcového tkaniva

Guardado en:
Detalles Bibliográficos
Autor principal: Budaj, Michal (Autor)
Otros Autores: Cocherová, Elena (Orientador)
Formato: Manuscrito Libro
Lenguaje:eslovaco
Publicado: Bratislava : STU v Bratisslave FEI, 2020
Materias:
Acceso en línea:https://opac.crzp.sk/?fn=detailBiblioForm&sid=819BE1355532A4D31F1962AB1E91&seo=CRZP-detail-kniha
Etiquetas: Agregar Etiqueta
Sin Etiquetas, Sea el primero en etiquetar este registro!

MARC

LEADER 00000ntm a22000003a 4500
001 stuzp81711
003 SK-STU
005 20200902110119.1
007 ta
008 150427s2015----xo-----f-mn---000-0-slo-d
040 |a STU  |b slo 
041 0 |a slo 
044 |a xo 
100 1 |a Budaj, Michal  |u 033000  |4 aut  |U FEI Fakulta elektrotechniky a informatiky  |T FEI Ústav elektroniky a fotoniky  |X 74882  |U E030  |Y 549  |7 74882 
242 0 1 |a Modeling of Anisotropy Influence on the Electrical Activity of the Cardiac Tissue  |y eng 
245 1 0 |a Modelovanie vplyvu anizotropie na elektrickú aktivitu srdcového tkaniva 
260 |c Bratislava :  |c STU v Bratisslave FEI,  |c 2020 
300 |a 48 s. 
650 4 |a Comsol  |2 slo 
650 4 |a akčný potenciál  |2 slo 
650 4 |a srdcové tkanivo  |2 slo 
650 4 |a Comsol  |2 eng 
650 4 |a action potential  |2 eng 
650 4 |a cardiac tissue  |2 eng 
700 1 |a Cocherová, Elena  |u 033000  |k Z1  |4 ths  |U FEI Fakulta elektrotechniky a informatiky  |T FEI Ústav elektroniky a fotoniky  |X 1900  |U E030  |Y 549  |7 A000001900 
856 4 |u https://opac.crzp.sk/?fn=detailBiblioForm&sid=819BE1355532A4D31F1962AB1E91&seo=CRZP-detail-kniha